Konzervy dbajú na čerstvosť

Konzervované a sterilizované potraviny sú už dlho príjemným pomocníkom v kuchyni. Producenti konzervovaných a sterilizovaných potravín sa totiž zhodujú v tom, že kvalita a čerstvosť ich výrobkov je na prvom mieste. Na trhu dnes už spotrebiteľ nájde široké portfólio rôznych konzervovaných či steriliz...

Ausführliche Beschreibung

Gespeichert in:
Bibliographische Detailangaben
1. Verfasser: Kapitán, Peter
Format: Buchkapitel
Sprache:Slowakisch
Schlagworte:
Tags: Tag hinzufügen
Keine Tags, Fügen Sie das erste Tag hinzu!

MARC

LEADER 00000naa a2200000 4500
001 0302772
005 20240620103954.2
041 0 |a slo 
044 |a CZ 
245 1 0 |a Konzervy dbajú na čerstvosť  |c Peter Kapitán 
520 |a Konzervované a sterilizované potraviny sú už dlho príjemným pomocníkom v kuchyni. Producenti konzervovaných a sterilizovaných potravín sa totiž zhodujú v tom, že kvalita a čerstvosť ich výrobkov je na prvom mieste. Na trhu dnes už spotrebiteľ nájde široké portfólio rôznych konzervovaných či sterilizovaných potravín, od ekonomických volieb až po prémiové značky. Vo vybraných obchodoch totiž nie je problém nájsť filety z tuniaka, kde si pri pohľade na cenovku zákazník povie, že ide o naozaj luxusný tovar. 
610 2 0 |a konzervovanie potravín 
610 2 0 |a potravinárstvo 
610 2 0 |a polotovary 
610 2 0 |a zelenina 
610 2 0 |a mäso 
100 1 |a Kapitán, Peter